[Event "Rijeka Liburnija op"]
[Site "Rijeka"]
[Date "2014.01.21"]
[Round "6"]
[White "Ozimec, Zoran"]
[Black "Monjac, Dean"]
[Result "1-0"]
[WhiteElo "1762"]
[BlackElo "1600"]
[PlyCount "43"]
[EventDate "2014.01.17"]
[EventType "swiss"]
[EventRounds "9"]
[EventCountry "CRO"]
[SourceTitle "CBM 158 Extra"]
[Source "ChessBase"]
[SourceDate "2014.02.28"]
[SourceVersion "1"]
[SourceVersionDate "2014.02.28"]
[SourceQuality "1"]

1. e4 e5 2. Nc3 Nf6 3. Bc4 d6 4. d3 Nc6 5. a3 Be7 6. f4 exf4 7. Bxf4 Ne5 8. Bb3 0-0 9. Nge2 Be6 10. d4 Bxb3 11. dxe5 dxe5 12. cxb3 exf4 13. 0-0 g5 14. Qc2 Bc5+ 15. Kh1 Ng4 16. Nd1 b6 17. b4 Be3 18. h3 Qd6 19. Nec3 f3 20. gxf3 Qg3 21. Qg2 Qf4 22. fxg4 1-0

[Event "Rijeka Liburnija op"]
[Site "Rijeka"]
[Date "2014.01.19"]
[Round "4"]
[White "Klasan, Elvis"]
[Black "Ozimec, Zoran"]
[Result "1-0"]
[WhiteElo "1980"]
[BlackElo "1762"]
[PlyCount "153"]
[EventDate "2014.01.17"]
[EventType "swiss"]
[EventRounds "9"]
[EventCountry "CRO"]
[SourceTitle "CBM 158 Extra"]
[Source "ChessBase"]
[SourceDate "2014.02.28"]
[SourceVersion "1"]
[SourceVersionDate "2014.02.28"]
[SourceQuality "1"]

1. e4 e5 2. Nf3 Nc6 3. Bc4 Bc5 4. 0-0 d6 5. c3 Qe7 6. d4 Bb6 7. d5 Nb8 8. Bg5 Nf6 9. Qd3 0-0 10. Nbd2 Bg4 11. h3 Bh5 12. g4 Bg6 13. Rfe1 a5 14. Nf1 h6 15. Bh4 Bh7 16. g5 Nh5 17. gxh6 Qd7 18. hxg7 Re8 19. Ng5 Bg6 20. Ng3 Nf4 21. Qf1 Kxg7 22. Be2 Rh8 23. Bg4 Qe8 24. Nf3 Nd7 25. Nf5+ Bxf5 26. Bxf5 f6 27. Kh1 Kf7 28. Bg3 Ke7 29. Bxf4 exf4 30. Nd4 Qh5 31. Qe2 Ne5 32. Qxh5 Rxh5 33. Rg1 Rg5 34. Ne6 Bxf2 35. Rgf1 Bg3 36. Nxc7 Rh8 37. Ne6 Rgh5 38. Nxf4 Bxf4 39. Rxf4 Nf7 40. Rg1 Ng5 41. Rg3 Nxh3 42. Bxh3 Rxh3+ 43. Rxh3 Rxh3+ 44. Kg2 Rd3 45. Rf3 Rd1 46. Rf2 Ra1 47. a3 b5 48. Kf3 b4 49. axb4 axb4 50. cxb4 Ra4 51. Ke3 Rxb4 52. Kd3 Kf7 53. Re2 Kg6 54. Kc3 Rb7 55. Rg2+ Kh5 56. b4 Rc7+ 57. Kd4 Rb7 58. Rb2 Kg4 59. b5 Kf3 60. Kd3 Rb6 61. Rb4 Kf4 62. Kd4 Kf3 63. Rb2 Kg3 64. Ke3 Kg4 65. Rb1 Kg5 66. Rb4 f5 67. exf5 Kxf5 68. Kd4 Kf6 69. Kc4 Ke5 70. Rb1 Kf5 71. Re1 Rb8 72. Kb4 Rc8 73. b6 Rc2 74. Kb5 Rc5+ 75. Ka6 Rxd5 76. b7 Rd2 77. Rb1 1-0

[Event "Rijeka Liburnija op"]
[Site "Rijeka"]
[Date "2014.01.19"]
[Round "3"]
[White "Ozimec, Zoran"]
[Black "Becirbasic, Bajro"]
[Result "1-0"]
[WhiteElo "1762"]
[BlackElo "1600"]
[PlyCount "128"]
[EventDate "2014.01.17"]
[EventType "swiss"]
[EventRounds "9"]
[EventCountry "CRO"]
[SourceTitle "CBM 158 Extra"]
[Source "ChessBase"]
[SourceDate "2014.02.28"]
[SourceVersion "1"]
[SourceVersionDate "2014.02.28"]
[SourceQuality "1"]

1. e4 c5 2. Nc3 e6 3. g3 Be7 4. Bg2 Nc6 5. f4 d6 6. Nf3 h6 7. d3 Bf6 8. Ne2 g6 9. c3 Nge7 10. Be3 b6 11. Qd2 Bg7 12. h4 Bb7 13. Kf2 Qc7 14. a3 Na5 15. Qc2 Bc6 16. b4 Nb7 17. Rac1 Rc8 18. c4 a6 19. h5 e5 20. hxg6 Nxg6 21. f5 Ne7 22. Bh3 Bd7 23. Bg4 Ng8 24. Qd2 Nf6 25. Bh5 Ke7 26. Nc3 Bc6 27. Qe2 Nd8 28. Nh2 Qb7 29. Ng4 Ng8 30. Qf3 f6 31. Rh3 Nf7 32. Bxf7 Kxf7 33. Rch1 Rc7 34. Nxh6+ Kf8 35. Nxg8 Kxg8 36. Qg4 Rxh3 37. Rxh3 Rf7 38. Qg6 Kf8 39. Bh6 Qe7 40. Rh4 Bxh6 41. Rxh6 Ke8 42. b5 axb5 43. cxb5 Bb7 44. Na4 Kd7 45. Nxb6+ Kc7 46. Nc4 d5 47. b6+ Kd7 48. Na5 Ba6 49. Rh8 dxe4 50. dxe4 c4 51. Kg2 c3 52. b7 Bxb7 53. Nxb7 Kc7 54. Qg8 Kxb7 55. Qc8+ Kb6 56. Qxc3 Qb7 57. Qb4+ Ka7 58. Qa5+ Qa6 59. Ra8+ Kxa8 60. Qxa6+ Kb8 61. Qb5+ Rb7 62. Qe8+ Ka7 63. Qd8 Rb6 64. a4 Ka6 1-0

[Event "Rijeka Liburnija op"]
[Site "Rijeka"]
[Date "2014.01.18"]
[Round "2"]
[White "Hodanic, Darko"]
[Black "Ozimec, Zoran"]
[Result "1-0"]
[WhiteElo "1977"]
[BlackElo "1762"]
[PlyCount "129"]
[EventDate "2014.01.17"]
[EventType "swiss"]
[EventRounds "9"]
[EventCountry "CRO"]
[SourceTitle "CBM 158 Extra"]
[Source "ChessBase"]
[SourceDate "2014.02.28"]
[SourceVersion "1"]
[SourceVersionDate "2014.02.28"]
[SourceQuality "1"]

1. e4 e5 2. Nf3 Nc6 3. Bc4 Bc5 4. c3 Qe7 5. b4 Bb6 6. a4 a6 7. 0-0 d6 8. a5 Ba7 9. h3 h6 10. Qb3 Qf6 11. Nh2 g5 12. b5 axb5 13. Bxb5 Nge7 14. a6 0-0 15. Ng4 Bxg4 16. axb7 Rab8 17. hxg4 Rxb7 18. Qc4 Bc5 19. Bxc6 Nxc6 20. d3 Qe6 21. Nd2 Rfb8 22. Qxe6 fxe6 23. Ba3 Bb6 24. Rfb1 Na5 25. Kf1 Rf8 26. f3 Rfb8 27. Ke2 Kg7 28. Rb5 Nc6 29. Rab1 Na5 30. Nb3 Nxb3 31. R1xb3 Rd8 32. c4 Ra7 33. c5 dxc5 34. Bxc5 Ra2+ 35. Kf1 Ba5 36. Ra3 Rxa3 37. Bxa3 Ra8 38. Bb2 Kf6 39. Bxe5+ Ke7 40. Bg7 Bb6 41. Bxh6 Ra1+ 42. Ke2 Ra2+ 43. Ke1 Ra1+ 44. Kd2 Ra2+ 45. Kc3 Rxg2 46. Bxg5+ Kd7 47. Bf6 Rg3 48. Bd4 Bxd4+ 49. Kxd4 Rxf3 50. Rg5 Kd6 51. e5+ Kc6 52. Ke4 Rf7 53. Rg6 Kd7 54. g5 c5 55. Rf6 Rh7 56. g6 Rh4+ 57. Kf3 Rh1 58. Rf7+ Ke8 59. Kg4 Rd1 60. Kg5 Rxd3 61. Kf6 Rb3 62. g7 Rf3+ 63. Kxe6 Rxf7 64. g8Q+ Rf8 65. Qg7 1-0

[Event "Mediterranean op 6th"]
[Site "Rijeka"]
[Date "2013.12.06"]
[Round "8"]
[White "Batory, Drazen"]
[Black "Ozimec, Zoran"]
[Result "0-1"]
[WhiteElo "1600"]
[BlackElo "1770"]
[PlyCount "42"]
[EventDate "2013.11.30"]
[EventType "swiss"]
[EventRounds "9"]
[EventCountry "CRO"]
[SourceTitle "CBM 157 Extra"]
[Source "ChessBase"]
[SourceDate "2013.12.19"]
[SourceVersion "1"]
[SourceVersionDate "2013.12.19"]
[SourceQuality "1"]

1. e4 e5 2. Nf3 Nc6 3. d4 exd4 4. Nxd4 Bc5 5. Nxc6 Qf6 6. Qd2 dxc6 7. Bd3 Be6 8. 0-0 0-0-0 9. Qg5 Bd4 10. Qxf6 Nxf6 11. h3 h6 12. Nd2 Rhe8 13. Nf3 Bb6 14. Re1 g5 15. Be3 c5 16. Nxg5 Ba5 17. Re2 c4 18. Nxe6 cxd3 19. Nxd8 dxe2 20. c3 Rxd8 21. f3 Rd1+ 0-1

[Event "Mediterranean op 6th"]
[Site "Rijeka"]
[Date "2013.12.05"]
[Round "7"]
[White "Ozimec, Zoran"]
[Black "Safar, Sandro"]
[Result "0-1"]
[WhiteElo "1770"]
[BlackElo "1667"]
[PlyCount "120"]
[EventDate "2013.11.30"]
[EventType "swiss"]
[EventRounds "9"]
[EventCountry "CRO"]
[SourceTitle "CBM 157 Extra"]
[Source "ChessBase"]
[SourceDate "2013.12.19"]
[SourceVersion "1"]
[SourceVersionDate "2013.12.19"]
[SourceQuality "1"]

1. e4 c5 2. Nc3 Nc6 3. g3 g6 4. Bg2 Bg7 5. f4 d6 6. h3 Nf6 7. Nf3 Nh5 8. Ne2 Nf6 9. d3 0-0 10. c3 e6 11. Be3 Re8 12. g4 b6 13. Ng3 Bb7 14. Qd2 e5 15. f5 d5 16. Bg5 d4 17. c4 a6 18. h4 Qc7 19. Bxf6 Bxf6 20. h5 b5 21. hxg6 fxg6 22. b3 bxc4 23. bxc4 a5 24. g5 Bg7 25. Nh4 Qd6 26. 0-0 Rf8 27. Bh3 Bc8 28. Kh2 a4 29. Qg2 a3 30. Rf3 Rb8 31. Raf1 Rb2 32. R1f2 Rxf2 33. Rxf2 Nb4 34. Qf3 Rf7 35. Nf1 Bd7 36. Kg2 Bc8 37. Nh2 Bd7 38. Ng4 Kh8 39. Nh6 Bxh6 40. gxh6 gxf5 41. Qh5 Rf8 42. Nxf5 Bxf5 43. Rxf5 Rxf5 44. Bxf5 Qe7 45. Qd1 Qg5+ 46. Bg4 Qxh6 47. Qe2 Qe3 48. Qf1 Qf4 49. Qe2 Kg7 50. Bf5 Qg5+ 51. Kh2 h5 52. Bh3 h4 53. Bd7 Qg3+ 54. Kh1 Nxd3 55. Qg2 Qxg2+ 56. Kxg2 Nc1 57. Ba4 Nxa2 58. Bc2 Nc3 59. Bb3 a2 60. Bxa2 Nxa2 0-1

[Event "Mediterranean op 6th"]
[Site "Rijeka"]
[Date "2013.12.04"]
[Round "6"]
[White "Batory, Lucija"]
[Black "Ozimec, Zoran"]
[Result "0-1"]
[WhiteElo "1600"]
[BlackElo "1770"]
[PlyCount "44"]
[EventDate "2013.11.30"]
[EventType "swiss"]
[EventRounds "9"]
[EventCountry "CRO"]
[SourceTitle "CBM 157 Extra"]
[Source "ChessBase"]
[SourceDate "2013.12.19"]
[SourceVersion "1"]
[SourceVersionDate "2013.12.19"]
[SourceQuality "1"]

1. e4 e5 2. Nf3 Nc6 3. Bb5 a6 4. Ba4 b5 5. Bb3 Bc5 6. 0-0 d6 7. c3 Qe7 8. d4 Bb6 9. Re1 h6 10. h3 Qf6 11. Be3 Rb8 12. dxe5 dxe5 13. Nbd2 Nge7 14. Bxb6 cxb6 15. c4 b4 16. a3 0-0 17. Qe2 Rd8 18. Red1 Ng6 19. Rac1 Nf4 20. Qe3 Rd3 21. Qe1 Bxh3 22. gxh3 Qg6+ 0-1

[Event "Rijeka Liburnija op"]
[Site "Rijeka"]
[Date "2012.11.30"]
[Round "1"]
[White "Levar, Nenad"]
[Black "Ozimec, Zoran"]
[Result "1-0"]
[WhiteElo "2113"]
[BlackElo "1744"]
[PlyCount "55"]
[EventDate "2012.11.30"]
[EventType "swiss"]
[EventRounds "9"]
[EventCountry "CRO"]
[SourceTitle "CBM 151 Extra"]
[Source "ChessBase"]
[SourceDate "2012.12.18"]
[SourceVersion "1"]
[SourceVersionDate "2012.12.18"]
[SourceQuality "1"]

1. d4 Nf6 2. c4 d5 3. Nf3 c6 4. Nc3 dxc4 5. a4 Nd5 6. e4 Nxc3 7. bxc3 b5 8. d5 Bb7 9. dxc6 Qxd1+ 10. Kxd1 Bxc6 11. Nd4 Bxe4 12. Nxb5 Na6 13. Be3 e6 14. Bxa7 Rd8+ 15. Ke1 Bc5 16. Nc7+ Ke7 17. Bxc5+ Nxc5 18. Bxc4 Nd3+ 19. Bxd3 Rxd3 20. f3 Bc6 21. Ra3 Rb8 22. Kf2 Rb2+ 23. Kg3 Kd7 24. Na6 Rxg2+ 25. Kxg2 Bxf3+ 26. Kf2 Kc8 27. Rb1 Bb7 28. Rxb7 1-0